Manusia dan Islam

Bibliographic Details
Other Authors: Haron Din
Format: Book
Published: Kuala Lumpur : DBP , 1991
Subjects:

MARC

LEADER 00000cam a2200000 7i4500
001 0000004122
002 000004435
005 20000330.0
020 |a 9836215220 
090 0 0 |a 297.1   |b MAN 
245 1 0 |a Manusia dan Islam   |c Panel penulis diketuai oleh Dr.Haron Din 
255 |a Jilid 2 
260 |a Kuala Lumpur :   |b DBP ,   |c 1991 
300 |a 513 p. ;   |c 23 cm. 
650 0 0 |a Man and Islam 
700 0 |a Haron Din   |f Prof.Dr 
999 |a 033426   |b BUKU   |c PINJAMAN   |e PERPUSTAKAAN KOMUNITI PETALING JAYA